[Event "MCR senioru 2019 nad 60 let"]
[Site "Pelclovo divadlo, Rychnov n. K."]
[Date "2019.08.18"]
[Round "9"]
[White "Divis, Libor"]
[Black "Vagner, Ladislav"]
[Result "1/2-1/2"]
[WhiteElo "1834"]
[BlackElo "1951"]
[EventDate "2019.08.10"]
[PlyCount "20"]

1. e4 d6 2. Nf3 Nf6 3. Nc3 c6 4. d4 Bg4 5. Be2 Nbd7 6. O-O e5 7. dxe5 dxe5 8.
h3 Bh5 9. Nh2 Bxe2 10. Qxe2 Bc5 1/2-1/2

[Event "MCR senioru 2019 nad 60 let"]
[Site "Pelclovo divadlo, Rychnov n. K."]
[Date "2019.08.18"]
[Round "9"]
[White "Vlachopulos, Georgis"]
[Black "Tsapanidis, Vasilis"]
[Result "1-0"]
[WhiteElo "1900"]
[BlackElo "1788"]
[EventDate "2019.08.10"]
[PlyCount "81"]

1. e4 c5 2. Nc3 Nc6 3. Bb5 Nd4 4. Bc4 a6 5. a4 d6 6. Nge2 Bg4 7. h3 Bh5 8. O-O
Nf6 9. f3 Rc8 10. d3 Nxe2+ 11. Qxe2 e6 12. g4 Bg6 13. f4 h6 14. f5 Bh7 15. fxe6
Bg6 16. exf7+ Bxf7 17. Bxf7+ Kxf7 18. Nd5 Be7 19. Bd2 Rf8 20. Bc3 Kg8 21. Nf4
Rf7 22. Rf2 Qd7 23. b3 Kh7 24. Raf1 Rff8 25. Rg2 g5 26. Nd5 Nxd5 27. exd5 Rxf1+
28. Kxf1 Rf8+ 29. Rf2 Rxf2+ 30. Kxf2 Kg8 31. Qe4 Qe8 32. Qe6+ Qf7+ 33. Ke3 Kf8
34. Qxh6+ Ke8 35. Qh5 Kf8 36. Qh8+ Qg8 37. Qxg8+ Kxg8 38. Ke4 Kf7 39. Kf5 b5
40. axb5 axb5 41. Bd2 1-0

[Event "MCR senioru 2019 nad 70 a 80 let"]
[Site "Pelclovo divadlo, Rychnov n. K."]
[Date "2019.08.18"]
[Round "9"]
[White "Jacek, Miloslav"]
[Black "Fiser, Jiri"]
[Result "1/2-1/2"]
[WhiteElo "1941"]
[BlackElo "1918"]
[EventDate "2019.08.10"]
[PlyCount "16"]

1. d4  f5  2. Nc3  d5
3. f3  Nf6  4. Bg5
c5  5. Bxf6  exf6
6. e3  Nc6  7. Bb5
Be6  8. Nge2  g5
9. Qd2  a6  10. Bxc6+
bxc6  11. Kf2  Bd6
12. dxc5  Bxc5  13. Nd4
Qd7  14. Na4  Ba7
15. Qc3  Kf7  16. Nc5
Bxc5  17. Qxc5  1/2-1/2

[Event "MCR senioru 2019 nad 70 a 80 let"]
[Site "Pelclovo divadlo, Rychnov n. K"]
[Date "2019.08.18"]
[Round "9"]
[White "Slizek, Josef"]
[Black "Trojan, Lubos"]
[Result "1/2-1/2"]
[WhiteElo "1935"]
[BlackElo "1955"]
[PlyCount "142"]
[EventDate "2019.08.10"]

1. e4 e6 2. d4 d5 3. e5 c5 4. c3 Ne7 5. Bd3 Nec6 6. Nf3 Nd7 7. a3 Be7 8. b4
cxd4 9. cxd4 Qb6 10. Be3 f6 11. b5 Nd8 12. Nc3 Nf7 13. Qc2 f5 14. Na4 Qd8 15.
Bxf5 exf5 16. e6 Nd6 17. exd7+ Bxd7 18. Nc5 Rc8 19. Qb3 Qa5+ 20. Qb4 Qxb5 21.
Nxd7 Qxd7 22. O-O Nc4 23. Qb3 Bd6 24. Rfe1 O-O 25. Bd2 Kh8 26. Bb4 b6 27. Ne5
Qb5 28. Rab1 Bxb4 29. Qxb4 Qxb4 30. axb4 Rfe8 31. Nc6 a6 32. Ne7 Rcd8 33. Nxf5
Kg8 34. f3 g6 35. Nh6+ Kf8 36. Kf2 Rxe1 37. Rxe1 Re8 38. Ra1 a5 39. bxa5 bxa5
40. Ng4 Re6 41. Ne5 Nxe5 42. dxe5 Rxe5 43. Rxa5 Ke7 44. f4 Rf5 45. Kf3 g5 46.
g3 gxf4 47. gxf4 Rh5 48. Kg3 Kf7 49. h4 Rh6 50. Rxd5 Ra6 51. Kg4 Kg6 52. Rg5+
Kf6 53. Rb5 Kg6 54. Re5 Kf6 55. Rh5 Kg6 56. Rc5 Kf6 57. Rc7 h6 58. h5 Rb6 59.
Rh7 Rb1 60. Rxh6+ Kf7 61. Rc6 Rb5 62. f5 Rb1 63. h6 Rg1+ 64. Kf3 Rf1+ 65. Ke4
Re1+ 66. Kd5 Rd1+ 67. Kc5 Rf1 68. Rc7+ Kf6 69. h7 Rxf5+ 70. Kd6 Rh5 71. Rb7 Kg6
1/2-1/2

[Event "MCR senioru 2019 nad 70 a 80 let"]
[Site "Pelclovo divadlo, Rychnov n. K"]
[Date "2019.08.18"]
[Round "9"]
[White "Kotva, Milan"]
[Black "Dolezal, Radoslav"]
[Result "1-0"]
[WhiteElo "1862"]
[BlackElo "1954"]
[PlyCount "49"]
[EventDate "2019.08.10"]

1. e4 e5 2. Nf3 Nc6 3. Bb5 a6 4. Ba4 Nf6 5. O-O b5 6. Bb3 Be7 7. Re1 O-O 8. d3
d6 9. c3 Na5 10. Bc2 c5 11. Nbd2 h6 12. Nf1 Nh7 13. Ne3 Ng5 14. Nd2 g6 15. Nd5
Kg7 16. a4 Bb7 17. Nxe7 Qxe7 18. Nf1 Ne6 19. Ng3 Qh4 20. Re3 Nc6 21. Nf1 Rh8
22. Rg3 b4 23. Ne3 Ne7 24. Rh3 Qg5 25. Nf5+ 1-0

[Event "MCR senioru 2019 nad 70 a 80 let"]
[Site "Pelclovo divadlo, Rychnov n. K."]
[Date "2019.08.18"]
[Round "9"]
[White "Papan, Cyril"]
[Black "Pilar, Miloslav"]
[Result "1/2-1/2"]
[WhiteElo "1932"]
[BlackElo "2078"]
[EventDate "2019.08.10"]
[PlyCount "21"]

1. d4 d5 2. c4 e6 3. cxd5 exd5 4. Nf3 Nf6 5. e3 c6 6. Bd3 Bd6 7. Nc3 Bg4 8. h3
Bh5 9. Bd2 Bg6 10. Qc2 O-O 11. O-O 1/2-1/2

[Event "MCR senioru 2019 nad 70 a 80 let"]
[Site "Pelclovo divadlo, Rychnov n. K."]
[Date "2019.08.18"]
[Round "9"]
[White "Jablecnik, Gustav"]
[Black "Vlasak, Ladislav"]
[Result "1-0"]
[WhiteElo "2006"]
[BlackElo "1739"]
[EventDate "2019.08.10"]
[PlyCount "57"]

1. e4 e6 2. d4 d5 3. exd5 exd5 4. Nf3 Nc6 5. Bd3 Bd6 6. c3 Bg4 7. O-O Nge7 8.
Re1 O-O 9. Bxh7+ Kh8 10. Bd3 f6 11. Nbd2 Qd7 12. Nf1 Rae8 13. Ng3 Nf5 14. Rxe8
Rxe8 15. Bd2 Nxg3 16. hxg3 Bf5 17. Bb5 a6 18. Bxc6 bxc6 19. b4 g5 20. Qf1 Qc8
21. a4 Kg7 22. Re1 Rh8 23. a5 Rh7 24. Qe2 Be4 25. Qe3 Qh8 26. Kf1 Rh1+ 27. Ke2
Rxe1+ 28. Nxe1 Bc2 29. Nxc2 1-0

[Event "MCR senioru 2019 nad 70 a 80 let"]
[Site "Pelclovo divadlo, Rychnov n. K."]
[Date "2019.08.18"]
[Round "9"]
[White "Volf, Jaroslav"]
[Black "Holecek, Vladimir"]
[Result "1/2-1/2"]
[WhiteElo "1977"]
[BlackElo "1898"]
[EventDate "2019.08.10"]
[PlyCount "44"]

1. e4 e5 2. Nf3 Nc6 3. d4 exd4 4. Bc4 Nf6 5. e5 d5 6. Bb5 Ne4 7. Nxd4 Bd7 8.
Bxc6 Bxc6 9. Nxc6 bxc6 10. O-O Bc5 11. Nd2 Nxd2 12. Bxd2 O-O 13. Qg4 Qe7 14.
Rae1 Qe6 15. Qg3 Qg6 16. Qc3 Bb6 17. Be3 Rfd8 18. Bxb6 axb6 19. e6 c5 20. exf7+
Qxf7 21. a3 d4 22. Qd2 Re8 1/2-1/2

[Event "MCR senioru 2019 nad 70 a 80 let"]
[Site "Pelclovo divadlo, Rychnov n. K."]
[Date "2019.08.18"]
[Round "9"]
[White "Pavlicek, Petr"]
[Black "Rucka, Alois"]
[Result "1-0"]
[WhiteElo "1829"]
[BlackElo "1941"]
[EventDate "2019.08.10"]
[PlyCount "117"]

1. d4 d5 2. c4 c6 3. Nc3 Nf6 4. e3 Nbd7 5. Nf3 e6 6. Qc2 Bd6 7. b3 O-O 8. Be2
e5 9. cxd5 cxd5 10. dxe5 Nxe5 11. O-O Be6 12. Bb2 Nxf3+ 13. Bxf3 Rc8 14. Qe2
Be5 15. Nb5 Bxb2 16. Qxb2 Qb6 17. Nd4 Rc5 18. Rac1 Rfc8 19. Qa3 a6 20. Rxc5
Qxc5 21. Qxc5 Rxc5 22. Rd1 Kf8 23. Rd2 Ke7 24. Rc2 Rxc2 25. Nxc2 Kd6 26. Nd4
Ke5 27. Kf1 Bf5 28. Ke2 Be4 29. Kd2 g6 30. Kc3 h5 31. h4 Kd6 32. b4 Bxf3 33.
gxf3 Ng8 34. f4 Ne7 35. Kd3 f6 36. a3 Ng8 37. Nf3 Nh6 38. Nd4 Ng4 39. Ke2 Nh6
40. Kd3 Nf7 41. Nf3 Nd8 42. Nd4 Ne6 43. Nf3 Nd8 44. Nd4 Ne6 45. Nf3 Nd8 46. Nd4
Nc6 47. Ne2 Ke6 48. Ng3 Ne7 49. Kd4 b6 50. f3 Nf5+ 51. Nxf5 Kxf5 52. Kxd5 g5
53. fxg5 fxg5 54. e4+ Kf4 55. e5 gxh4 56. e6 h3 57. e7 h2 58. e8=Q h1=Q 59.
Qe5+ 1-0

[Event "MCR senioru 2019 nad 70 a 80 let"]
[Site "Pelclovo divadlo, Rychnov n. K."]
[Date "2019.08.18"]
[Round "9"]
[White "Kohout, Jan"]
[Black "Glembek, Bohumir"]
[Result "1-0"]
[WhiteElo "1880"]
[BlackElo "1765"]
[EventDate "2019.08.10"]
[PlyCount "65"]

1. e4 Nf6 2. e5 Nd5 3. c4 Nb6 4. d4 d6 5. Nf3 Bg4 6. exd6 exd6 7. Be2 Nc6 8. b3
Be7 9. Bb2 Bf6 10. Nbd2 O-O 11. Ne4 d5 12. Nxf6+ Qxf6 13. c5 Nc8 14. O-O Re8
15. Qd2 N8e7 16. h3 Bxf3 17. Bxf3 Rad8 18. b4 Nf5 19. Rad1 a6 20. a4 Qg6 21.
Rde1 Nh4 22. Bxd5 Kf8 23. Rxe8+ Rxe8 24. Qf4 Nxb4 25. Bxb7 Nd3 26. Qxh4 Nxb2
27. Qf4 Re7 28. Qd2 Nxa4 29. Qb4 c6 30. Bxa6 Qc2 31. Qb8+ Re8 32. Qd6+ Re7 33.
Re1 1-0

[Event "MCR senioru 2019 nad 70 a 80 let"]
[Site "Pelclovo divadlo, Rychnov n. K."]
[Date "2019.08.18"]
[Round "9"]
[White "Halla, Jiri"]
[Black "Briza, Jiri"]
[Result "1/2-1/2"]
[WhiteElo "1766"]
[BlackElo "1884"]
[EventDate "2019.08.10"]
[PlyCount "21"]

1. Nf3 Nf6 2. g3 g6 3. Bg2 Bg7 4. O-O O-O 5. d4 d5 6. Ne5 Nc6 7. Nxc6 bxc6 8.
Nd2 Ba6 9. Re1 e6 10. Nf3 Qd6 11. a3 1/2-1/2